Cosmópolis: perspectiva y riesgos de un gobierno mundial

Saved in:
Bibliografiske detaljer
Hovedforfatter: Zolo, Danilo (Author)
Format: Bog
Sprog:spansk
Udgivet: Barcelona Paidós 2000
Serier:Paidós Estado y Sociedad, 70
Fag:
Tags: Tilføj Tag
Ingen Tags, Vær først til at tagge denne postø!

MARC

LEADER 00000nam a2200000 a 4500
001 UCN2505
003 CL-VaPUC
008 010530e20000000SP |||||||||||||||||spa|d
082 0 4 |a 327.101  |b ZOL  |2 21 
100 0 |a Zolo, Danilo  |e author  |9 458499 
245 1 0 |a Cosmópolis: perspectiva y riesgos de un gobierno mundial 
300 |a 266 p 
942 |c BK 
945 |d 20010530 00:00:00  |a vberengu 
260 |a Barcelona  |b Paidós  |c 2000 
650 0 |a Relaciones Internacionales  |9 255740 
650 7 |a ETICA INTERNACIONAL  |2 CL-VaPUC  |9 458500 
650 7 |a PAZ INTERNACIONAL  |2 CL-VaPUC  |9 432684 
650 7 |a GUERRA DEL GOLFO 1991  |2 CL-VaPUC  |9 458501 
650 0 |a Política internacional  |9 255813 
583 |a last modification  |c 20010530 00:00:00  |k Rodrigo Vera 
490 0 |a Paidós Estado y Sociedad, 70 
999 |c 295603  |d 295601 
952 |0 0  |1 0  |4 0  |6 327_101000000000000_ZOL_2000  |7 0  |8 A  |9 348871  |a BIBHIS  |b BIBHIS  |d 2019-11-20  |i 3688356  |o 327.101 ZOL 2000  |p 3688356  |r 2025-01-20  |w 2019-11-20  |y BK  |k HIS